LDR 01017naa#a2200169#i#450# 001 RU\\bibl\120481 005 20260516194812.6 011 ## _a1998-6785 100 ## _a20220321b2022####ek#y0rusy0150####ca 102 ## _aRU 200 1# _aГеополитические интересы Китая в Евразии. Новые партии на пространстве Великой шахматной доски _eЖурнальная статья 210 1# _aВладивосток _cФедеральное государственное бюджетное образовательное учреждение высшего образования "Владивостокский государственный университет" _d2022 215 ## _a5 с. 608 ## _aЖурнальная статья _2local 675 ## _aМеждународные отношения. Мировая политика. Внешняя политика. 327 _z 700 #1 _aЗолотухин _gИван Николаевич 856 4# _aojkum.editorum.ru _u